000 00481ngm a2200217 a 4500
003 OSt
005 20251020182657.0
008 240217s9999 xx 000 0 und d
040 _aPE SENCICO BE
040 _cPE SENCICO BE
041 _aspa
082 _aF027
245 0 _aINTE orientación vocacional 95 /
260 _cs.f
300 _a1 VIDEO
300 _bson., Col.
300 _c1:10'
650 _aORIENTACION VOCACIONAL
910 _ahchs
942 _cVID
_2ddc
999 _c4714
_d4714